000 00518nam a2200205Ia 4500
005 20230728133842.0
008 131103s9999 xx 000 0 und d
040 _aLoreto College
041 _aEnglish
082 _a920
_bDID-MOR
100 _aMorley,John
245 _aDiderot and the Encyclopaedists
_cJohn Morley
260 _aLondon
_bMacmillan and Co.
_c1914
300 _aV.1 (xv,365 p.)
440 _aThe Eversley Series
650 _aDiderot
651 _aBiography
850 _aLCLIB
942 _cBK
999 _c12209
_d62688